|
|
|
|
| LEADER |
00000nab a2200000 a 4500 |
| 001 |
vtls000196336 |
| 003 |
SK-MaSNL |
| 005 |
20260304061029.0 |
| 008 |
250422c1984 xo 0 slo |
| 015 |
|
|
|a SNBRB19rr/mm-uuuuu
|
| 035 |
|
|
|a CL0206449
|
| 035 |
|
|
|a urn:nbn:sk:snk-ab2qyr
|
| 035 |
|
|
|a (urnnbn)urn:nbn:sk:snk:ar-a02tqr
|
| 035 |
|
|
|a (uuid)1d28a6fa-7aa3-41e5-b38b-9b7f807b55ed
|
| 040 |
|
|
|a SNKBUCL
|b slo
|c SNKBUCL
|e AACR2
|
| 041 |
0 |
|
|a cze
|
| 044 |
|
|
|a xo
|c SK
|
| 080 |
|
|
|a 621.86/.87:339.174
|2 1981
|
| 080 |
|
|
|a 339.174
|2 1981
|
| 080 |
|
|
|a 69.057.7
|2 1981
|
| 100 |
1 |
|
|a Křížek, Vladimír
|4 aut
|9 679029
|
| 245 |
1 |
0 |
|a BAUMA 83
|c Vladimír Křížek, Vladimír Matějka
|
| 300 |
|
|
|b Obr. 56. Tb. 4.
|
| 500 |
|
|
|a /Pokračovanie./
|
| 650 |
0 |
7 |
|a stavebné stroje
|2 snkbucl
|9 67895
|
| 650 |
0 |
7 |
|a BAUMA 1983, Mníchov
|2 snkbucl
|9 1233570
|
| 655 |
|
7 |
|a články z novín a časopisov
|2 snkbucl
|9 267496
|
| 700 |
1 |
|
|a Matějka, Vladimír
|4 aut
|9 323490
|
| 773 |
0 |
|
|t Inženýrské stavby
|g Roč. 32, č. 2 (1984), s. 125-144
|
| 850 |
|
|
|a Slovenská národná knižnica
|
| 852 |
|
|
|a Slovenská národná knižnica
|
| 954 |
|
|
|a odborná, vedecká literatúra cudzojazyčná (svetová)
|2 lita
|
| 958 |
|
|
|a article2022
|
| 958 |
|
|
|a RK
|
| 958 |
|
|
|a CZ
|
| 958 |
|
|
|a OND
|
| 958 |
|
|
|a EUIPO
|
| 992 |
|
|
|a RBX
|
| 999 |
|
|
|c 2731121
|d 2733051
|